| 000 -CABECERA |
| Longitud fija campo de control |
00630nam a22002177a 4500 |
| 003 - IDENTIFICADOR DEL NÚMERO DE CONTROL |
| Identificador del número de control |
OSt |
| 005 - FECHA Y HORA DE LA ÚLTIMA TRANSACCIÓN |
| Fecha y hora de la última transacción |
20151022113002.0 |
| 008 - CÓDIGOS DE INFORMACIÓN DE LONGITUD FIJA |
| Códigos de información de longitud fija |
130529s1994 sp ||||| |||| 00| 0 spa d |
| 020 ## - NÚMERO INTERNACIONAL NORMALIZADO PARA LIBROS |
| Número Internacional Normalizado para Libros (ISBN) |
8487799043 |
| 040 ## - FUENTE DE LA CATALOGACIÓN |
| Centro transcriptor |
CDMR |
| 100 1# - PUNTO DE ACCESO PRINCIPAL-NOMBRE DE PERSONA |
| 9 (RLIN) |
762 |
| Nombre de persona |
Balsebre, Armand |
| 245 13 - MENCIÓN DE TÍTULO |
| Título |
La credibilitat de la radio informativa |
| Mención de responsabilidad, etc. |
Armand Balsebre |
| 260 ## - PUBLICACIÓN, DISTRIBUCIÓN, ETC. (PIE DE IMPRENTA) |
| Lugar de publicación, distribución, etc. |
Barcelona |
| Nombre del editor, distribuidor, etc. |
Feed-Back |
| Fecha de publicación, distribución, etc. |
DL 1994 |
| 300 ## - DESCRIPCIÓN FÍSICA |
| Extensión |
117 p. |
| 610 1# - PUNTO DE ACCESO ADICIONAL DE MATERIA - NOMBRE DE ENTIDAD CORPORATIVA |
| 9 (RLIN) |
3577 |
| Nombre de entidad corporativa o nombre de jurisdicción como elemento inicial |
COPE (Emissora de ràdio) |
| 650 04 - PUNTO DE ACCESO ADICIONAL DE MATERIA - TÉRMINO DE MATERIA |
| 9 (RLIN) |
1981 |
| Término de materia o nombre geográfico como elemento inicial |
Radiodifusió |
| Subdivisión de materia general |
Noticiaris |
| Subdivisión geográfica |
Espanya |
| 650 04 - PUNTO DE ACCESO ADICIONAL DE MATERIA - TÉRMINO DE MATERIA |
| 9 (RLIN) |
2800 |
| Término de materia o nombre geográfico como elemento inicial |
Ràdio |
| Subdivisión de materia general |
Llenguatge |
| 610 1# - PUNTO DE ACCESO ADICIONAL DE MATERIA - NOMBRE DE ENTIDAD CORPORATIVA |
| 9 (RLIN) |
3198 |
| Nombre de entidad corporativa o nombre de jurisdicción como elemento inicial |
Radio Nacional de España |
| 610 1# - PUNTO DE ACCESO ADICIONAL DE MATERIA - NOMBRE DE ENTIDAD CORPORATIVA |
| 9 (RLIN) |
264 |
| Nombre de entidad corporativa o nombre de jurisdicción como elemento inicial |
Cadena SER |
| 942 ## - ENTRADA DE ELEMENTOS AGREGADOS (KOHA) |
| Fuente de clasificaión o esquema |
|
| Koha [por defecto] tipo de item |
Monografies |